header

THE CULTURE AND PSYCHOLOGY READER (Record no. 253890)

MARC details
000 -LEADER
fixed length control field 00372nam a22001457a 4500
003 - CONTROL NUMBER IDENTIFIER
control field OSt
005 - DATE AND TIME OF LATEST TRANSACTION
control field 20160520092209.0
008 - FIXED-LENGTH DATA ELEMENTS--GENERAL INFORMATION
fixed length control field 160520b xxu||||| |||| 00| 0 eng d
020 ## - INTERNATIONAL STANDARD BOOK NUMBER
International Standard Book Number 0-8147-3080-9
040 ## - CATALOGING SOURCE
Transcribing agency N/A
100 ## - MAIN ENTRY--PERSONAL NAME
Personal name NANCY RULE GOLDBERGER
245 ## - TITLE STATEMENT
Title THE CULTURE AND PSYCHOLOGY READER
260 ## - PUBLICATION, DISTRIBUTION, ETC. (IMPRINT)
Place of publication, distribution, etc USA
Name of publisher, distributor, etc NEWYORK UNIVERSITY PRESS
Date of publication, distribution, etc 1995
942 ## - ADDED ENTRY ELEMENTS (KOHA)
Source of classification or shelving scheme Library of Congress Classification
Koha item type Long Loan Books
Holdings
Withdrawn status Lost status Source of classification or shelving scheme Damaged status Not for loan Collection code Home library Current library Shelving location Date acquired Total Checkouts Full call number Barcode Date last seen Price effective from Koha item type
    Library of Congress Classification     Non-fiction Rongo University Library Rongo University Library General Stacks 20/05/2016   GN502.C87 1995 201612417 20/05/2016 20/05/2016 Long Loan Books
    Library of Congress Classification       Rongo University Library Rongo University Library   20/05/2016       20/05/2016 20/05/2016 Long Loan Books

© 2026 Rongo University
Contact us: librarian | system librarian | Rongo university